10 países com maior consumo de café - Statistics

Estatísticas Gerais
  • Esse quiz foi jogado 112 vezes
  • A pontuação média é 6 de 10
Estatísticas das Respostas
Posição Kilograma per capita por ano País % Correto
10° 6.2 KG per capita por ano Canadá
82%
8.2 KG per capita por ano Suécia
65%
7.9 KG per capita por ano Suíça
63%
12 KG per capita por ano Finlândia
61%
9.9 KG per capita por ano Noruega
61%
8.7 KG per capita por ano Dinamarca
58%
6.8 KG per capita por ano Bélgica
54%
8.4 KG per capita por ano Holanda
54%
9 KG per capita por ano Islândia
46%
6.5 KG per capita por ano Luxemburgo
30%
Nenhum quiz correspondente encontrado
Distribuição das Pontuações
Porcentagem de Pessoas com Cada Pontuação
Percentil de Números Respondidos
Sua Pontuação Histórica
Você não jogou esse quiz